| 000 | 00651nam a22001937a 4500 | ||
|---|---|---|---|
| 008 | 151016b xxu||||| |||| 00| 0 eng d | ||
| 020 | _a9781111398811 | ||
| 020 | _a111139881X | ||
| 041 | 0 | _aeng | |
| 080 | _a330.113 | ||
| 100 | 1 | _aMiller, Roger LeRoy. | |
| 245 | 1 | 0 |
_aBusiness law today : _cRoger LeRoy Miller, Institute for University Studies, Arlington, Texas. |
| 250 | _a10th ed. | ||
| 260 |
_aOhio: _bCengage learning; _c2010. |
||
| 300 |
_axxiv, 734, 71, 16, 8, 31 f: _bme il.; _c26 cm. |
||
| 650 | 0 | _aE drejta biznesore | |
| 650 | 0 | _aLigjet në ekonomi | |
| 942 |
_2udc _cBK |
||
| 999 |
_c1308 _d1308 |
||